10 Most Populous Cities in California - Statistics

General Stats
  • This quiz has been taken 58 times
  • The average score is 8 of 10
Answer Stats
Population City % Correct
3,795,936 Los Angeles
100%
1,388,996 San Diego
100%
788,478 San Francisco
100%
526,669 Sacramento
96%
956,433 San Jose
90%
435,024 Oakland
78%
546,718 Fresno
74%
338,463 Anaheim
68%
444,095 Long Beach
66%
416,081 Bakersfield
62%
No matching quizzes found
Score Distribution
Percent of People with Each Score
Percentile by Number Answered
Your Score History
You have not taken this quiz